| 000 | 00742cab a2200229 4500 | ||
|---|---|---|---|
| 001 | X3852 | ||
| 008 | 090401t1996 xxu||||| |||| 00| 0 eng d | ||
| 035 | _a(Sirsi) u33366 | ||
| 041 | _aeng | ||
| 245 | _aBlue Circle Industries plc v MOD | ||
| 260 | _c1996 | ||
| 350 | _a0 | ||
| 490 |
_aNew Property Cases _v[1996] NPC 170, (2) |
||
| 520 | _aChD 26 November 1996. The MOD is liable under statute to compensate a neighbouring land owner for loss of a sale caused by excape of radioactive substances. ARTICLE HEADING. NOT TO BE PHOTOCOPIED. | ||
| 650 | _aBLUE CIRCLE INDUSTRIES PLC V MOD | ||
| 650 | _aCOMPENSATION | ||
| 650 | _aLOSS OF SALE | ||
| 650 | _aPOLLUTION | ||
| 690 | _aLAND-CASE LAW | ||
| 942 | _n0 | ||
| 948 | _c04/03/1997 | ||
| 999 |
_c22297 _d22297 |
||